| 000 | 01362nam a2200253 a 4500 | ||
|---|---|---|---|
| 008 | 120416s1981 ||||||||||||||||| || u | ||
| 020 | _a0256024715 | ||
| 050 | _aHF 5635 Sal | ||
| 100 | _aHermanson, Roger H | ||
| 245 | 1 | 2 | _aA survey of basic accounting |
| 250 | _a3rd ed. | ||
| 260 |
_aHomewood, Ill. _bIrwin _c1981 |
||
| 300 | _axiii, 606p. : ill. | ||
| 350 | _a0.00 | ||
| 490 | _aThe Willard J. Graham series in accounting | ||
| 650 | 0 | _aACCOUNTING--HANDBOOKS, MANUALS, ETC | |
| 700 | _aEdwards, James Don | ||
| 700 | _aSalmonson, Roland Frank | ||
| 995 |
_aMAIN LIBRARY OPEN ACCESS _D0.00 _e006288 _FCBU-MAIN LIBRARY (Kitwe) _H1 _I21.95 _jHF 5635 Sal _UAVAILABLE _y006288 _ZMain Library Open Access Collection |
||
| 995 |
_aMAIN LIBRARY OPEN ACCESS _D0.00 _e006289 _FCBU-MAIN LIBRARY (Kitwe) _H2 _I21.95 _jHF 5635 Sal _UAVAILABLE _y006289 _ZMain Library Open Access Collection |
||
| 995 |
_aANNEX COLLECTION (Main Library) _D0.00 _e711352 _FCBU-MAIN LIBRARY (Kitwe) _H4 _I21.95 _jHF 5635 Sal _UAVAILABLE _y006290 _ZAnnex Low-Usage Collection |
||
| 995 |
_aANNEX COLLECTION (Main Library) _D0.00 _e710845 _FCBU-MAIN LIBRARY (Kitwe) _H5 _I21.95 _jHF 5635 Sal _UAVAILABLE _y006291 _ZAnnex Low-Usage Collection |
||
| 995 |
_aANNEX COLLECTION (Main Library) _D0.00 _e704507 _FCBU-MAIN LIBRARY (Kitwe) _H1 _I0.00 _jHF 5635 Sal _UAVAILABLE _WFeb 8, 2007 _y006287 _ZAnnex Low-Usage Collection |
||
| 999 |
_c80843 _d80843 |
||